| 000 | 00705cam a2200217 4500 | ||
|---|---|---|---|
| 001 | B354 | ||
| 008 | 090401t1951 xxu||||| |||| 00| 0 eng d | ||
| 035 | _a(Sirsi) u35173 | ||
| 041 | _aeng | ||
| 050 | _a526.33 | ||
| 100 | _aWhitten, C.A. | ||
| 245 | _aAdjustment of European triangulation | ||
| 260 |
_aWashington,D.C _bU.S. Department of Commerce, Coast and G _c1951 |
||
| 300 | _a23 leaves ; 30cm. | ||
| 350 | _a0 | ||
| 520 | _aPaper given at the General Assembly, Brussels, 1951 of the International Union of Geodesy and Geophysics and International Association of Geodesy . A photocopy accompanied by 10 maps. | ||
| 650 | _aEUROPE | ||
| 650 | _aGEODESY | ||
| 942 | _n0 | ||
| 948 | _c04/03/1997 | ||
| 999 |
_c90060 _d90060 |
||